000 01931nam a2200505 i 4500
001 15576
003 KOSZ 005
005 20200701100938.0
008 200420s1973 pl a f 001 0 pol
015 _aUWD 1973/7298
035 _a991033926359705066
035 _a(PL-WaBN)b19075467-48omnis_nlop
035 _ab19075467
035 _a(OCoLC)749342119
035 _a(PL)b0000001907546
035 _a(EXLNZ-48OMNIS_NETWORK)9910261701605606
040 _aWA N
_cWA N
_dKOSZ 005/RW
041 1 _apol
_heng
046 _k1973
080 _a530.145
080 _a(07)
100 1 _aWichmann, Eyvind Hugo
_d(1928- )
_eAutor
245 1 0 _aFizyka kwantowa /
_cEyvind H. Wichmann ; [z angielskiego tłumaczyli Waldemar Gorzkowski, Andrzej Szymacha].
246 1 _iTytuł oryginału:
_aQuantum physics
260 _aWarszawa :
_bPaństwowe Wydawnictwo Naukowe,
_c1973.
300 _a455, [1] stron :
_bilustracje, errata ;
_c25 cm.
336 _aTekst
_btxt
_2rdacontent
337 _aBez urządzenia pośredniczącego
_bn
_2rdamedia
338 _aWolumin
_bnc
_2rdacarrier
380 _aKsiążki
380 _aPublikacje dydaktyczne
388 _a1901-2000
388 _a1945-1989
500 _aStanowi tom 4 cyklu angielskiego Berkeley Physics Course. - T. 1 ogłoszony pod hasłem Kittel C., Knight W. D., Ruderman M. A. "Mechanika". - T. 3 ogłoszony pod hasłem Crawford F. S. "Fale".
504 _aBibliografia przy rozdziałach. Indeks.
650 7 _aMechanika kwantowa
_2DBN
655 7 _aPodręcznik
658 _aFizyka i astronomia
700 1 _aGorzkowski, Waldemar
_d(1939-2007)
_eTłumaczenie
700 1 _aSzymacha, Andrzej
_eTłumaczenie
710 2 _aPaństwowe Wydawnictwo Naukowe
_4pbl
856 _uhttp://koha.tu.koszalin.pl/cgi-bin/koha/opac-detail.pl?biblionumber=15576
_yKatalog online BPK
942 _2UKD
_cKS
999 _c15576
_d15576